Soviet Ministers of Defence - Statistics

General Stats
  • This quiz has been taken 6 times
  • The average score is 2 of 8
Answer Stats
Hint Answer % Correct
1955-1957 Georgy Zhukov
100%
1976-1984 Dmitriy Ustinov
50%
1967-1976 Andrei Grechko
25%
1957-1967 Rodion Malinovsky
25%
1984-1987 Sergei Sokolov
25%
1987-1991 Dmitry Yazov
0%
1953-1955 Nikolai Bulganin
0%
1991-1992 Yegeny Shaposhnikov
0%
No matching quizzes found
Score Distribution
Percent of People with Each Score
Percentile by Number Answered
Your Score History
You have not taken this quiz